| 000 | 00669nam a2200205Ia 4500 | ||
|---|---|---|---|
| 001 | 8978 | ||
| 003 | GE_BSU | ||
| 008 | 181216s||||||||xx |||||||||||||| ||und|| | ||
| 040 | _cGE_BSU | ||
| 080 | _a821.353.1–1 | ||
| 100 | _aკარმელი,შალვა | ||
| 245 | _aლექსები | ||
| 245 | _cრედ.შ.აფხაიძე.შემდგ.შ.დემეტრაძე.მხატვ.დ.დუნდუა | ||
| 260 | _aთბილისი | ||
| 260 | _bსაბჭოთა საქართველო | ||
| 260 | _c1970 | ||
| 300 | _a73გვ.1ფ.პორტრ.16სმ. | ||
| 653 | _aლექსები | ||
| 942 | _cBK | ||
| 999 |
_c42283 _d42283 |
||